| 000 | 02219nam0a2200349 i 4500 | ||
|---|---|---|---|
| 001 | RU\NLR\BIBL_A\011180719 | ||
| 005 | 20240921153215.0 | ||
| 010 |
_a9785990828216 _9500 |
||
| 021 |
_aRU _b2016-53119 _93384 |
||
| 035 | _a(NILC)RuMoRGB-008539584 | ||
| 035 | _a(NLR Aleph) 011180719 | ||
| 090 |
_a11817920 _c11817920 |
||
| 100 | _a20160722d2016 u y0rusy50 ca | ||
| 101 | 0 | _arus | |
| 102 | _aRU | ||
| 105 | _aa|||z|||000yy | ||
| 200 | 1 |
_aТеоретические и практические аспекты формирования профессионально-важных качеств курсантов ГПС МЧС России _fД. В. Жернаков, А. В. Уколов, А. Н. Лагунов _gМЧС России, Федеральное гос. бюджетное образовательное учреждение высш. образования "Сибирская пожарно-спасательная акад." Гос. противопожарной службы М-ва Российской Федерации по делам гражданской обороны, чрезвычайным ситуациям и ликвидации последствий стихийных бедствий |
|
| 210 |
_aЖелезногорск _cСПСА _d2016 |
||
| 215 |
_a125 с. _cил. _d21 |
||
| 320 | _aБиблиогр.: с. 111-125 (6 назв.) | ||
| 606 | 1 |
_aУчебные заведения МЧС Российской Федерации _xКурсанты _xФизическая подготовка _92300333 _3RU\NLR\AUTH\6601603812 |
|
| 675 | _a355/359 | ||
| 686 | 1 | _aЦ4,6(2)399.6-3 | |
| 700 | 1 |
_aЖернаков _bД. В. _cканд. юрид. наук, гражданское право _gДмитрий Владимирович _9159286 _3RU\NLR\AUTH\770159327 |
|
| 701 | 1 |
_aУколов _bА. В. _gАлексей Валерьевич |
|
| 701 | 1 |
_aЛагунов _bА.Н. _gАндрей Николаевич |
|
| 801 | 0 |
_aRU _bРГБ _c20160706 _gRCR |
|
| 942 | _cBOOK | ||
| 980 | _aNBR | ||